WW2 Quiz - Statistics

General Stats
  • This quiz has been taken 64 times
  • The average score is 14 of 15
Answer Stats
Question Answer % Correct
Who won the war? Allies
100%
Where was the Atomic bomb dropped? Hiroshima and Nagasaki
100%
How did it start? Invasion of poland
100%
Who was the dictator of Italy? Mussolini
100%
Who was the dictator of Russia? Stalin
100%
Who led the United Kingdom for the most of the war? Winston Churchill
100%
When did ww2 start and end? 1939-1945
93%
Capital of Germany? Berlin
93%
What was the mass genocide of the jews called? Holocaust
93%
Who was the lead scientist working on the atomic bomb? Oppenheimer
93%
How many jewish people were killed during this time? Estimated 6 million at least
86%
Which war ended first, the pacific or the European? European
86%
A country in the axis exclusively. Germany
86%
When was the Darwin bombings 1942
71%
What nation had the biggest loss? Russia
71%
No matching quizzes found
Score Distribution
Percent of People with Each Score
Percentile by Number Answered
Your Score History
You have not taken this quiz